000 01126nam a22003257a 4500
003 CHAP
005 20220329134121.0
008 971013s1976 r 00010 d
010 _a15637
011 _a16609
035 _a20691
040 _cCHAP
082 _a574.52
_bG7
100 0 0 _aGrupo Intersecretarial de Asuntos Internacionales sobre el Medio Ambiente. México.
_950907
245 _aInforme de labores, 1973-1976
260 _aMéxico, D.F. :
_bEl autor,
_c1976
300 _a2 v
590 _aBATCH-UPD
_b10
_c20130110
_lUCH01
_h0212
590 _aBATCH-UPD
_b10
_c20130110
_lUCH01
_h1314
590 _aBATCH-UPD
_b10
_c20130409
_lUCH01
_h2228
590 _aBATCH-UPD
_b10
_c20130410
_lUCH01
_h1017
590 _aBATCH-UPD
_b10
_c20130914
_lUCH01
_h0059
590 _aCONVERSION
_b10
_c20130109
_lUCH01
_h1310
650 1 4 _aAgua de mar
_xContaminación.
_92417
650 1 4 _aMedio ambiente
_xContaminación.
_974069
901 _aBK
942 _cLIBRO
949 _a574.52 G7
_bBC
_cLIBRO
_d33724000402871
_eLIBRO
_fv.1
_h43048
_i20691
_mD
_si
949 _a574.52 G7
_bBC
_cLIBRO
_d33724000402889
_eLIBRO
_fv.2
_h43049
_i20691
_mD
_si
999 _c15637
_d15637